000 00660nam a2200193 i 4500
001 64575
003 ES-MaACL
005 20230906165149.0
007 t|
008 031229s1965 sp ||||1| spa d
100 1 _aFontana Tarrats, Jose María.
_951604
245 1 0 _aDefensa y crítica del comercio /
_cJosé María Fontana Tarrats.
260 _a[Madrid] :
_bAguilar,
_c1965.
300 _aXVI, 208 p. :
_bmap. ;
_c22 cm.
490 1 _aBiblioteca de economía, organización y problemas de la empresa
830 0 _aBiblioteca de economía, organización y problemas de la empresa
_9181610
852 _aES-MaACL
_jC-27424
_bR.56364
999 _c64575
_d64575